Najgorsze Drużyny w Eliminacjach Mundiali (Oceania) - Statystyki

Ogólne statystyki
  • Ten quiz został rozwiązany 33 razy
  • Średni wynik to 4 z 10
Statystyki odpowiedzi
Bilans Bramki Reprezentacje % Poprawnych
2018 0-0-3 1:8 Tonga
85%
1994 0-0-4 1:18 Vanuatu
76%
2022 0-0-3 2:10 Nowa Kaledonia
42%
2010 0-0-4 1:38 Samoa Amerykańskie
42%
2006 0-0-4 1:34 Samoa Amerykańskie
42%
2002 0-0-4 0:57 Samoa Amerykańskie
42%
2014 0-1-2 4:6 Wyspy Cooka
30%
1998 0-0-2 1:4 Wyspy Cooka
30%
1990 0-0-2 1:8 Chińskie Tajpej
3%
1986 0-0-6 1:36 Chińskie Tajpej
3%
Nie znaleziono quizów pasujących do podanych kryteriów
Rozkład punktacji
Procent ludzi z każdym wynikiem
Percentyl według liczby udzielonych odpowiedzi
Twoja historia wyników
Nie rozwiązałeś tego quizu